广东省县级市 - Statistics

General Stats
  • This quiz has been taken 24 times
  • The average score is 16 of 20
Answers on the Map
Answers color-coded by a green-red scale on the quiz's map according to % correct below.
 
Answer Stats
Answer % Correct
雷州市
94%
陆丰市
94%
开平市
89%
高州市
89%
化州市
89%
台山市
83%
普宁市
83%
乐昌市
78%
南雄市
78%
鹤山市
78%
恩平市
78%
廉江市
78%
吴川市
78%
四会市
78%
阳春市
78%
英德市
78%
信宜市
72%
连州市
72%
罗定市
67%
兴宁市
61%
No matching quizzes found
Score Distribution
Percent of People with Each Score
Percentile by Number Answered
Your Score History
You have not taken this quiz